Ghi chép về văn hóa và âm nhạc

Tập hợp những bài nghiên cứu, phân tích về văn hoá, âm nhạc: đặc trưng nguyên hợp trong phôn cơ lo, trình diễn dân gian Việt Nam, quyền sở hữu trí tuệ đối với văn học nghệ thuật dân gian, văn hoá phi vật thể các dân tộc thiểu số..., s...

Celý popis

Uloženo v:
Podrobná bibliografie
Hlavní autor: Tô Ngọc Thanh
Médium: Kniha
Jazyk:Undetermined
Vydáno: Hà Nội Văn hoá Thông tin 2012
Témata:
Tagy: Přidat tag
Žádné tagy, Buďte první, kdo otaguje tento záznam!
Thư viện lưu trữ: Trung tâm Học liệu Trường Đại học Cần Thơ
LEADER 01167nam a2200205Ia 4500
001 CTU_186285
008 210402s9999 xx 000 0 und d
082 |a 398.09597 
082 |b Th107 
100 |a Tô Ngọc Thanh 
245 0 |a Ghi chép về văn hóa và âm nhạc 
245 0 |c Tô Ngọc Thanh 
260 |a Hà Nội 
260 |b Văn hoá Thông tin 
260 |c 2012 
520 |a Tập hợp những bài nghiên cứu, phân tích về văn hoá, âm nhạc: đặc trưng nguyên hợp trong phôn cơ lo, trình diễn dân gian Việt Nam, quyền sở hữu trí tuệ đối với văn học nghệ thuật dân gian, văn hoá phi vật thể các dân tộc thiểu số..., sơ lược về âm nhạc dân gian, phương pháp nghiên cứu âm nhạc dân tộc, đối tượng của công tác sưu tầm âm nhạc dân tộc cổ truyền Việt Nam... 
650 |a Folklore,Văn hóa dân gian 
650 |z Vietnam,Việt Nam 
910 |a Hải 
980 |a Trung tâm Học liệu Trường Đại học Cần Thơ